Cacti and succulents in habitat

Bibliographic Details
Main Author: Preston-Mafham, Ken
Format: Book
Published: London : A Cassell Book , 1994
Subjects:

MARC

LEADER 00000cam a2200000 7i4500
001 0000006416
002 000006925
005 20000330.0
020 |a 0304342947 
090 0 0 |a 583.47   |b PRE 
100 1 |a Preston-Mafham, Ken 
245 1 0 |a Cacti and succulents in habitat   |c Ken Preston-Mafham 
260 |a London :   |b A Cassell Book ,   |c 1994 
300 |a 159p. ;   |c 25cm. 
650 0 0 |a Cactus 
650 0 0 |a Cactus   |x Life cycles 
650 0 0 |a Desert ecology 
999 |a 038014   |b BUKU   |c PINJAMAN   |e PERPUSTAKAAN KOMUNITI PETALING JAYA